[Event "POLFINAL MISTRZOSTW POLSKI JUNIOROW 2018 - C11"]
[Site "Szczyrk"]
[Date "1899-12-30"]
[Round "3.17"]
[White "Banaczyk, Piotr"]
[Black "Wydmanski, Szymon"]
[Result "1/2-1/2"]
[WhiteTitle "II"]
[BlackTitle "II"]
[WhiteElo "1125"]
[BlackElo "1225"]

1. e4 c5 2. c3 Nc6 3. d4 cxd4 4. cxd4 d5 5. exd5 Qxd5 6. Nf3 e6 7. Nc3 Bb4 8. Bd3
Nf6 9. O-O Qd8 10. Re1 O-O 11. a3 Be7 12. Bc4 Nd5 13. Nxd5 exd5 14. Be2 Bf6 15.
Be3 Bf5 16. Bd3 Bxd3 17. Qxd3 Rc8 18. Rac1 Qd7 19. Bg5 Bxg5 20. Nxg5 g6 21. Nf3
Rfe8 22. Qd2 Re4 23. Qh6 f6 24. Qd2 Rce8 25. h3 b6 26. b4 Nd8 27. Rxe4 dxe4 28.
Nh2 f5 29. g4 Nf7 30. gxf5 Qxf5 31. Qe3 Ng5 32. Ng4 Nf3+ 33. Kh1 Qf8 34. Rc6 Rc8
35. Qxe4 1/2-1/2

[Event "POLFINAL MISTRZOSTW POLSKI JUNIOROW 2018 - C11"]
[Site "Szczyrk"]
[Date "1899-12-30"]
[Round "3.18"]
[White "Goral, Antoni"]
[Black "Pawlowski, Kamil"]
[Result "1/2-1/2"]
[WhiteTitle "II"]
[BlackTitle "II"]
[WhiteElo "1011"]
[BlackElo "1013"]

1. d4 d5 2. Nf3 Nc6 3. e3 Nf6 4. b3 e6 5. Bb2 b6 6. Bd3 Bb7 7. O-O Bd6 8. Nbd2
O-O 9. Qe2 Qe7 10. e4 dxe4 11. Nxe4 Nxe4 12. Qxe4 f5 13. Qh4 Qxh4 14. Nxh4 Rae8
15. c4 Be7 16. Nf3 Nb4 17. Rfd1 Bxf3 18. gxf3 Bf6 19. Ba3 c5 20. Bxb4 cxb4 21.
Rab1 Rd8 22. d5 exd5 23. cxd5 Bc3 24. Bc4 Rd6 25. Rd3 Rb8 26. a4 Kf8 27. Re3 Re8
28. Rd1 Rg6+ 29. Kh1 Rd6 30. Rdd3 g6 31. Rxe8+ Kxe8 32. Re3+ Kf7 33. Bb5 Kf6 34.
Bc4 Bd4 35. Re6+ Rxe6 36. dxe6 Bxf2 37. Kg2 Bc5 38. h3 g5 39. Bd5 Ke5 40. Bc4
Kf4 41. Bd5 g4 42. fxg4 fxg4 43. Bc4 gxh3+ 44. Kxh3 Be7 45. Bd3 h5 46. Be2 h4
47. Bd3 Ke5 48. Bc4 Kd6 49. Kg2 Kc7 50. Kh3 Kb7 51. Kg2 a6 52. Kh3 b5 1/2-1/2

[Event "POLFINAL MISTRZOSTW POLSKI JUNIOROW 2018 - C11"]
[Site "Szczyrk"]
[Date "1899-12-30"]
[Round "3.20"]
[White "Jakubiec, Maurycy"]
[Black "Gradzki, Artur"]
[Result "1-0"]
[WhiteTitle "IV"]
[BlackTitle "II"]
[WhiteElo "1016"]
[BlackElo "1157"]

1. e4 e5 2. Nf3 Nc6 3. Bc4 Bc5 4. d3 h6 5. c3 Nf6 6. h3 d6 7. b4 Bb6 8. O-O O-O
9. Re1 Be6 10. Be3 Bxc4 11. dxc4 Bxe3 12. Rxe3 Ne7 13. Nbd2 Ng6 14. Nb3 Nd7 15.
Qd2 Nb6 16. Qe2 f5 17. c5 f4 18. Rd3 Nc8 19. Rad1 b6 20. Qd2 Qe7 21. cxd6 cxd6
22. Rd5 Nh4 23. Qd3 Nxf3+ 24. Qxf3 Qc7 25. Qd3 a6 26. a4 Qf7 27. Nd2 a5 28. b5
Ra7 29. Nc4 Qg6 30. Nxd6 f3 31. g3 Qh5 32. Kh2 Nxd6 33. Rxd6 Rb7 34. Qd5+ Rff7
35. c4 Kh7 36. c5 bxc5 37. Qxc5 Qg5 38. b6 Rf4 39. Rg1 Rxe4 40. Qd5 Re2 41. Qxf3
Rc2 42. Qe4+ Kh8 43. Qxc2 Rf7 44. Rgd1 Rf8 45. Qd2 Qh5 46. Rd8 Rxd8 47. Qxd8+
Kh7 48. Rd2 Qf7 49. Qd7 Qf6 50. b7 Qb6 51. Qf5+ g6 52. Rd7+ Kg8 53. Qf7+ 1-0

[Event "POLFINAL MISTRZOSTW POLSKI JUNIOROW 2018 - C11"]
[Site "Szczyrk"]
[Date "1899-12-30"]
[Round "4.1"]
[White "Demski, Michal"]
[Black "Bochenek, Ryszard"]
[Result "0-1"]
[WhiteTitle "I"]
[BlackTitle "II"]
[WhiteElo "1597"]
[BlackElo "1391"]

1. e4 e6 2. d4 d5 3. exd5 exd5 4. Nf3 c6 5. h3 Bd6 6. Bd3 Ne7 7. Bg5 f6 8. Bh4
O-O 9. Qe2 Nf5 10. O-O Qc7 11. Bxf5 Bxf5 12. c4 dxc4 13. Qxc4+ Kh8 14. d5 g5 15.
Nd4 Bxh3 16. Qc3 Bh2+ 17. Kh1 Bxg2+ 18. Kxg2 gxh4 19. Rh1 Rg8+ 20. Kf1 Be5 21.
Nd2 Qb6 22. N2f3 cxd5 23. Rxh4 Qa6+ 24. Ke1 Bxd4 25. Rxd4 Re8+ 26. Kd2 Qe2+ 27.
Kc1 Nd7 28. Qd3 Qxf2 29. Rh4 Rac8+ 30. Kd1 Re7 31. Rc1 Rxc1+ 32. Kxc1 Qe3+ 33.
Qxe3 Rxe3 34. Nd4 Re4 35. Rxe4 dxe4 36. Kd2 Kg7 37. Ke3 Kg6 38. Kxe4 Ne5 39. b3
h5 40. Ne6 h4 41. a3 Kf7 42. Nf4 Ng6 43. Nh3 Ke6 44. b4 f5+ 45. Ke3 Ke5 46. Ng5
f4+ 47. Kf3 Kf5 48. Nh3 Ne5+ 49. Kg2 f3+ 50. Kf2 Kg4 51. Ng1 h3 52. a4 h2 53.
Nxf3 Nxf3 54. Kg2 Kf4 55. b5 b6 56. Kh1 Ke4 57. Kg2 Kd4 58. Kh1 Kc4 59. Kg2 Kb4
60. Kh1 Kxa4 0-1

[Event "POLFINAL MISTRZOSTW POLSKI JUNIOROW 2018 - C11"]
[Site "Szczyrk"]
[Date "1899-12-30"]
[Round "4.2"]
[White "Jaworski, Tymon"]
[Black "Cieply, Krzysztof"]
[Result "1/2-1/2"]
[WhiteTitle "II"]
[BlackTitle "II"]
[WhiteElo "1459"]
[BlackElo "1362"]

1. e4 c5 2. Nf3 Nc6 3. d4 cxd4 4. Nxd4 Nf6 5. Nc3 d6 6. Be2 e5 7. Nb3 Be7 8. Bg5
O-O 9. Bxf6 Bxf6 10. Nd5 Be7 11. O-O Be6 12. c3 Bxd5 13. Qxd5 Qc7 14. Rad1 Rad8
15. Kh1 Kh8 16. h3 Bg5 17. Bf3 f5 18. Nd2 Bxd2 19. Rxd2 Ne7 20. Qb3 b6 21. Rfd1
f4 22. Be2 Ng6 23. Qa3 Rf6 24. Bh5 Ne7 25. Qb3 h6 26. Bf7 Nc6 27. Bh5 Ne7 28.
Bf7 Nc6 29. Bd5 Ne7 30. c4 Qc8 31. Rd3 Qc5 32. R1d2 Qc8 33. Kh2 Qc5 34. Qd1 Kh7
35. a3 Qc7 36. Qg4 Rg6 37. Qf3 Rf6 38. Qd1 Kh8 39. Qb3 Kh7 40. Qd1 Kh8 1/2-1/2

[Event "POLFINAL MISTRZOSTW POLSKI JUNIOROW 2018 - C11"]
[Site "Szczyrk"]
[Date "1899-12-30"]
[Round "4.3"]
[White "Rylski, Tadeusz"]
[Black "Miler, Franciszek"]
[Result "1-0"]
[WhiteTitle "II"]
[BlackTitle "II"]
[WhiteElo "1407"]
[BlackElo "1345"]

1. d4 c5 2. d5 e5 3. e4 d6 4. Bb5+ Bd7 5. a4 a6 6. Be2 g6 7. Nd2 Bg7 8. Nc4 Bc8
9. Bd2 b6 10. Nf3 Nf6 11. Bd3 O-O 12. O-O a5 13. Bg5 h6 14. Bh4 g5 15. Bg3 Na6
16. c3 Rb8 17. Nfd2 Nc7 18. Na3 Ba6 19. Bxa6 Nxa6 20. f3 Ne8 21. Nb5 Nac7 22.
Na7 Ra8 23. Nc6 Qd7 24. Nc4 Ra6 25. Nb8 Qc8 26. Nxa6 Qxa6 27. Qb3 Na8 28. Qb5
Qxb5 29. axb5 f5 30. b4 f4 31. Bf2 Nac7 32. bxa5 Nxb5 33. axb6 Nf6 34. b7 Rb8
35. Ra8 Nd7 36. Nb6 Nxb6 37. Rxb8+ Kf7 38. Rd8 Nd7 39. Rxd7+ Ke8 40. Rxg7 Kf8
41. Rh7 Kg8 42. Rd7 Kf8 43. b8=Q# 1-0

[Event "POLFINAL MISTRZOSTW POLSKI JUNIOROW 2018 - C11"]
[Site "Szczyrk"]
[Date "1899-12-30"]
[Round "4.4"]
[White "Klisowski, Bartosz"]
[Black "Klim, Filip"]
[Result "0-1"]
[WhiteTitle "II"]
[BlackTitle "I"]
[WhiteElo "1334"]
[BlackElo "1451"]

1. Nf3 d5 2. g3 Nf6 3. Bg2 c5 4. O-O Nc6 5. d4 e6 6. c4 dxc4 7. dxc5 Bxc5 8. Qc2
O-O 9. Qxc4 Bb6 10. Nc3 Bd7 11. a3 Rc8 12. Qd3 Qe7 13. Rd1 Rfd8 14. Bg5 h6 15.
Bxf6 Qxf6 16. e3 Ne7 17. Qe2 Bc6 18. Nd2 Ba5 19. Nde4 Bxe4 20. Nxe4 Qe5 21. Rxd8+
Rxd8 22. Rc1 Bb6 23. Nc3 Nc6 24. Na4 Qc7 25. Qc2 Rd6 26. Nc3 a6 27. b4 Ne5 28.
Na4 Qxc2 29. Rxc2 Rd1+ 30. Bf1 Nf3+ 31. Kh1 Rxf1+ 32. Kg2 Ne1+ 33. Kxf1 Nxc2 34.
Nxb6 Nxa3 35. Na4 Nc2 36. Nc5 Nxb4 37. Nxb7 Kf8 38. Ke2 Ke7 39. Kd2 Kd7 40. Kc3
Kc7 41. Nc5 Nd5+ 42. Kc4 Kb6 43. e4 Nc7 44. f4 Nb5 45. Nd7+ Kc7 46. Nc5 Kb6 47.
Nd7+ Kc6 48. Ne5+ Kc7 49. Nd3 Nd6+ 50. Kd4 a5 51. e5 Nf5+ 52. Ke4 a4 53. g4 a3
54. Nc1 Ne7 55. h3 g6 56. h4 Kc6 57. Kd3 Nd5 58. Ke4 Kc5 59. Nb3+ Kc4 60. Nd2+
Kc3 61. Nb1+ Kb2 62. Nxa3 Kxa3 63. f5 Kb4 64. fxe6 fxe6 65. g5 hxg5 66. hxg5 Kc4
67. Kf3 Kd4 0-1

[Event "POLFINAL MISTRZOSTW POLSKI JUNIOROW 2018 - C11"]
[Site "Szczyrk"]
[Date "1899-12-30"]
[Round "4.5"]
[White "Starosciak, Szymon"]
[Black "Palasz, Jakub"]
[Result "1/2-1/2"]
[WhiteTitle "II"]
[BlackTitle "II"]
[WhiteElo "1419"]
[BlackElo "1157"]

1. e4 c5 2. Nf3 d6 3. d4 cxd4 4. Nxd4 Nf6 5. Nc3 g6 6. Be3 Bg7 7. f3 Nc6 8. Qd2
Bd7 9. O-O-O a6 10. g4 b5 11. g5 Nh5 12. Kb1 O-O 13. Nxc6 Bxc6 14. Ne2 a5 15.
Ng3 b4 16. Nxh5 gxh5 17. Bd4 Qc7 18. Bxg7 Kxg7 19. Qf4 Rac8 20. Bd3 a4 21. Qh4
b3 22. Qxh5 Bb5 23. Rc1 bxa2+ 24. Kxa2 Bc4+ 25. Kb1 a3 26. b3 Ba6 27. c4 Qb6 28.
Qh6+ Kg8 29. Kc2 Qf2+ 30. Kd1 Qxf3+ 31. Kd2 Qg2+ 32. Ke3 Qb2 1/2-1/2

[Event "POLFINAL MISTRZOSTW POLSKI JUNIOROW 2018 - C11"]
[Site "Szczyrk"]
[Date "1899-12-30"]
[Round "4.6"]
[White "Bartoszczuk, Adam"]
[Black "Wolski, Michal"]
[Result "0-1"]
[WhiteTitle "II+"]
[BlackTitle "II"]
[WhiteElo "1255"]
[BlackElo "1364"]

1. e4 c6 2. d4 d5 3. exd5 cxd5 4. Bd3 Nc6 5. c3 Qc7 6. Ne2 Bg4 7. f3 Bd7 8. Bf4
e5 9. dxe5 Nxe5 10. O-O Bd6 11. Nd4 Nf6 12. Re1 O-O 13. Kh1 Nxd3 14. Bxd6 Nf2+
15. Kg1 Qxd6 16. Kxf2 Qxh2 17. Rh1 Qf4 18. Ne2 Qg5 19. Nd2 Rfe8 20. f4 Ng4+ 21.
Ke1 Qxf4 22. Rf1 Qg3+ 23. Rf2 Qxf2# 0-1

[Event "POLFINAL MISTRZOSTW POLSKI JUNIOROW 2018 - C11"]
[Site "Szczyrk"]
[Date "1899-12-30"]
[Round "4.7"]
[White "Zimny, Jakub"]
[Black "Grzadka, Artur"]
[Result "0-1"]
[WhiteTitle "II"]
[BlackTitle "II"]
[WhiteElo "1217"]
[BlackElo "1333"]

1. e4 c5 2. Nf3 Nc6 3. d4 cxd4 4. Nxd4 g6 5. c4 Nf6 6. Nc3 d6 7. Be2 Nxd4 8. Qxd4
Bg7 9. Be3 O-O 10. Qd2 Be6 11. O-O a5 12. Rac1 a4 13. f3 Qd7 14. f4 Rfc8 15. b3
axb3 16. axb3 Bg4 17. Bxg4 Qxg4 18. h3 Qe6 19. f5 gxf5 20. exf5 Qe5 21. Bd4 Qa5
22. Ra1 Ne4 23. Nxe4 Qxd2 24. Nxd2 Bxd4+ 25. Kh2 Rxa1 0-1

[Event "POLFINAL MISTRZOSTW POLSKI JUNIOROW 2018 - C11"]
[Site "Szczyrk"]
[Date "1899-12-30"]
[Round "4.8"]
[White "Pelka, Maciej"]
[Black "Fojcik, Kacper"]
[Result "0-1"]
[WhiteTitle "II"]
[BlackTitle "III"]
[WhiteElo "1328"]
[BlackElo "1190"]

1. e4 c6 2. d4 d5 3. Nd2 dxe4 4. Nxe4 Bf5 5. Ng3 Bg6 6. h4 h6 7. h5 Bh7 8. Nf3
Nd7 9. Bd3 Bxd3 10. Qxd3 e6 11. Bd2 Qc7 12. O-O-O Ngf6 13. Kb1 Be7 14. Ne4 Nxe4
15. Qxe4 Nf6 16. Qe2 Rd8 17. Bc1 Nd5 18. g4 Qb6 19. Rd3 Qa6 20. g5 Nb4 21. a3
Nxd3 22. cxd3 hxg5 23. Nxg5 Qb5 24. Rg1 Rxd4 25. Rg3 Bxg5 26. Bxg5 Rd5 27. f4
Rd6 28. h6 gxh6 29. Bf6 Rf8 30. Be5 Rd5 31. Bf6 Kd7 32. Qe4 c5 33. Bg7 Rd8 34.
Bf6 Kc7 35. Bxd8+ Rxd8 36. Qe5+ Kb6 37. Qe4 h5 38. f5 Rd4 39. Qe3 exf5 40. Qh6+
Ka5 41. Qd2+ Ka6 42. Qh6+ b6 43. Qf8 Rxd3 44. Qc8+ Ka5 45. a4 Kxa4 46. Rg1 Rd2
47. Rg4+ fxg4 48. Qa6+ Qxa6 49. b4 Qf1# 0-1

[Event "POLFINAL MISTRZOSTW POLSKI JUNIOROW 2018 - C11"]
[Site "Szczyrk"]
[Date "1899-12-30"]
[Round "4.9"]
[White "Jendrowiak, Maciej"]
[Black "Bartnik, Michal"]
[Result "1-0"]
[WhiteTitle "II"]
[BlackTitle "II"]
[WhiteElo "1266"]
[BlackElo "1090"]

1. d4 d5 2. c4 e6 3. Nc3 Nf6 4. Bg5 Be7 5. Nf3 c6 6. e3 Nbd7 7. c5 O-O 8. Bd3 b6
9. cxb6 axb6 10. O-O Bb7 11. Bf4 Re8 12. Re1 h6 13. a3 Nh5 14. Be5 Nhf6 15. Rc1
Rc8 16. Qe2 Nxe5 17. Nxe5 Nd7 18. Nf3 c5 19. Bb1 Nf6 20. Ne5 Bf8 21. f4 Qe7 22.
Rf1 Ra8 23. Rf3 Rec8 24. Rcf1 Ba6 25. Bd3 Bxd3 26. Qxd3 c4 27. Qc2 Nd7 28. h3
Nxe5 29. fxe5 Qd7 30. Rxf7 Qxf7 31. Rxf7 Kxf7 32. Ne2 Re8 33. Nf4 Kg8 34. Qg6
Rab8 35. Nxe6 Re7 36. Nxf8 Rxf8 37. Qxb6 Ree8 38. Qc5 Rd8 39. a4 Kh8 40. a5 Rf7
41. Qb6 Rff8 42. a6 Rb8 43. Qa5 Rxb2 44. a7 Ra8 45. Qxd5 Rxa7 46. Qxc4 Ra1+ 47.
Kh2 Raa2 48. Qd5 Ra7 49. e6 Rbb7 50. Qd8+ Kh7 51. d5 Re7 52. e4 Kg6 53. Qf8 Kh7
54. Qf5+ Kg8 55. Qe5 Ra5 56. Qb8+ Kh7 57. d6 Rxe6 58. d7 Rae5 59. Qxe5 Rxe5 60.
d8=Q Rc5 61. Qd4 Rc8 62. Qd6 Re8 63. e5 Kg8 64. Kg3 Kf7 65. Kf4 Re7 66. Kf5 Ke8
67. Kg6 Kf8 68. Qxe7+ Kxe7 69. Kxg7 Ke6 70. Kxh6 Kxe5 71. g4 Kf4 72. g5 Kg3 73.
g6 Kxh3 74. g7 Kg4 75. g8=Q+ Kf5 76. Qd5+ Kf4 77. Kg6 Ke3 78. Kf5 Kf2 79. Kf4
Ke2 80. Qd4 Ke1 81. Qb2 Kd1 82. Ke3 Ke1 83. Qe2# 1-0

[Event "POLFINAL MISTRZOSTW POLSKI JUNIOROW 2018 - C11"]
[Site "Szczyrk"]
[Date "1899-12-30"]
[Round "4.10"]
[White "Wilgosz, Szczepan"]
[Black "Karp, Kacper"]
[Result "0-1"]
[WhiteTitle "II"]
[BlackTitle "II+"]
[WhiteElo "1092"]
[BlackElo "1534"]

1. e4 c5 2. Nf3 e6 3. d4 cxd4 4. Nxd4 Nf6 5. Nc3 d6 6. Bc4 a6 7. Bb3 b5 8. a3 Bb7
9. f3 Nbd7 10. g4 Nc5 11. Ba2 Rc8 12. g5 Nfd7 13. Be3 h6 14. Qd2 Nb6 15. Nb3 Nc4
16. Qc1 Nxe3 17. Qxe3 Qxg5 18. Qf2 Nxb3 19. Bxb3 Be7 20. h4 Qc5 21. Qd2 Bf6 22.
Nd1 Qe5 23. Qf2 Bxe4 24. Ne3 Bg6 25. c3 Rxc3 26. bxc3 Qxc3+ 27. Ke2 Qd3+ 28. Ke1
Bc3+ 29. Qd2 Bxd2+ 30. Kf2 Bxe3+ 31. Kg3 Qxb3 32. Rhc1 Bxc1 33. Rxc1 Be4 34. Rc8+
Kd7 35. Rxh8 Qxf3+ 36. Kh2 Qg2# 0-1

[Event "POLFINAL MISTRZOSTW POLSKI JUNIOROW 2018 - C11"]
[Site "Szczyrk"]
[Date "1899-12-30"]
[Round "4.11"]
[White "Turowski, Maciej"]
[Black "Kubaszewski, Piotr"]
[Result "1/2-1/2"]
[WhiteTitle "II"]
[BlackTitle "II"]
[WhiteElo "1370"]
[BlackElo "1238"]

1. d4 d5 2. c4 e6 3. Nc3 Nf6 4. Bg5 Be7 5. Nf3 Nbd7 6. e3 b6 7. cxd5 exd5 8. Bd3
Bb7 9. O-O O-O 10. Rc1 c5 11. Bf5 Ne4 12. Bxe7 Qxe7 13. dxc5 Nxc3 14. Rxc3 Nxc5
15. Qc2 g6 16. Bd3 Rac8 17. Rc1 Nxd3 18. Qxd3 Rxc3 19. Rxc3 Qe4 20. h3 Rc8 21.
Rxc8+ Bxc8 22. Qxe4 dxe4 23. Nd4 Bd7 24. Kh2 Kg7 25. g4 f5 26. gxf5 gxf5 27. Kg3
Kf6 28. Kf4 b5 29. b4 a6 30. a3 h6 31. h4 h5 32. Ne2 Be8 33. Ng3 Bg6 1/2-1/2

[Event "POLFINAL MISTRZOSTW POLSKI JUNIOROW 2018 - C11"]
[Site "Szczyrk"]
[Date "1899-12-30"]
[Round "4.12"]
[White "Rozek, Michal"]
[Black "Gromek, Pawel"]
[Result "0-1"]
[WhiteTitle "II"]
[BlackTitle "II"]
[WhiteElo "1219"]
[BlackElo "1242"]

1. c4 e5 2. Nc3 Nf6 3. g3 c6 4. Bg2 d5 5. cxd5 cxd5 6. d4 e4 7. e3 Bd6 8. Nge2
Nc6 9. a3 a6 10. b4 O-O 11. O-O Be6 12. Bb2 Qd7 13. Rc1 Bh3 14. Na4 Qf5 15. Nf4
Bxf4 16. exf4 h5 17. Nc5 Ne7 18. Nxb7 Ng6 19. Qd2 h4 20. Nc5 Qg4 21. f3 exf3 22.
Bxh3 Qxh3 23. Rxf3 Qg4 24. Qg2 h3 25. Qf1 Nh4 26. Rf2 Rfe8 27. Qd1 Qg6 28. Re2
Nf5 29. Rxe8+ Rxe8 30. Rc3 Nh5 31. Kf2 Nf6 32. a4 Nd6 33. Rc2 Nfe4+ 34. Nxe4 Qxe4
35. Re2 Qg2+ 36. Ke1 Qg1+ 37. Kd2 Nc4+ 38. Kc2 Qxd1+ 39. Kxd1 Rxe2 40. Kxe2 Nxb2
41. b5 axb5 42. axb5 Na4 43. Kf3 Kh7 44. Kg4 Kg6 45. f5+ Kf6 46. Kf4 g5+ 47. Kg4
Nb6 48. Kxh3 Kxf5 0-1

[Event "POLFINAL MISTRZOSTW POLSKI JUNIOROW 2018 - C11"]
[Site "Szczyrk"]
[Date "1899-12-30"]
[Round "4.13"]
[White "Michno, Mateusz"]
[Black "Kazmierowski, Tymon"]
[Result "0-1"]
[WhiteTitle "III"]
[BlackTitle "II"]
[WhiteElo "1138"]
[BlackElo "1408"]

1. e4 c5 2. Nf3 e6 3. Nc3 Nc6 4. Bc4 a6 5. a4 Nf6 6. d3 d5 7. exd5 exd5 8. Bb3
Be7 9. O-O O-O 10. h3 Be6 11. Re1 Qc7 12. Bg5 Rad8 13. Qe2 Rfe8 14. Ne5 Nd4 15.
Qe3 Nxb3 16. cxb3 d4 17. Qe2 dxc3 18. bxc3 Nd5 19. Bd2 Bf6 20. d4 cxd4 21. cxd4
Bxe5 22. dxe5 Ne7 23. Rac1 Nc6 24. b4 Qd7 25. Rcd1 Bb3 26. Rb1 Bc2 27. Rb2 Qxd2
28. Rxc2 Qxe2 29. Rcxe2 Nxb4 30. Rb1 a5 31. Rc1 Rc8 32. Rd1 Red8 33. Rde1 Kf8
34. e6 fxe6 35. Rxe6 Re8 36. R6e4 Nd3 37. R1e3 Rxe4 38. Rxe4 Rc1+ 39. Kh2 Ra1
40. Re3 Nc5 41. Re5 b6 42. Rf5+ Ke7 43. Rg5 g6 44. Rg4 Rxa4 45. Rxa4 Nxa4 0-1

[Event "POLFINAL MISTRZOSTW POLSKI JUNIOROW 2018 - C11"]
[Site "Szczyrk"]
[Date "1899-12-30"]
[Round "4.14"]
[White "Banaczyk, Piotr"]
[Black "Zaborski, Igor"]
[Result "1-0"]
[WhiteTitle "II"]
[BlackTitle "II"]
[WhiteElo "1125"]
[BlackElo "1323"]

1. e4 c6 2. d4 d5 3. exd5 cxd5 4. Bd3 Nc6 5. c3 Qc7 6. Ne2 Bg4 7. f3 Bd7 8. Bf4
e5 9. dxe5 Nxe5 10. O-O Bd6 11. Re1 O-O-O 12. Bg3 h5 13. Bc2 Nf6 14. Nd4 Nc4 15.
Bxd6 Nxd6 16. Nd2 g5 17. Bb3 Nc4 18. Bxc4 dxc4 19. Re7 Rhf8 20. b3 cxb3 21. Qxb3
Rde8 22. Rxe8+ Rxe8 23. Qxf7 Qxc3 24. Qc4+ Qxc4 25. Nxc4 Kb8 26. Rb1 b6 27. Nxb6
axb6 28. Rxb6+ Kc7 29. Rxf6 Ra8 30. Ne6+ Bxe6 31. Rxe6 Ra5 32. Re2 Kd6 33. Kf2
Kd5 34. g3 Ra3 35. f4 g4 36. Kg2 Kd4 37. Rf2 Ra6 38. f5 Rf6 39. h3 Ke3 40. hxg4
hxg4 41. a4 Kd4 42. Rf4+ Kc5 43. Rxg4 Rxf5 44. Kh3 Kd6 45. Kh4 Ra5 46. Rf4 Ke6
47. g4 Ra6 48. g5 Ke5 49. Rg4 Kf5 50. g6 1-0

[Event "POLFINAL MISTRZOSTW POLSKI JUNIOROW 2018 - C11"]
[Site "Szczyrk"]
[Date "1899-12-30"]
[Round "4.15"]
[White "Wieckowski, Michal"]
[Black "Nagly, Wojciech"]
[Result "1-0"]
[WhiteTitle "II"]
[BlackTitle "II"]
[WhiteElo "1278"]
[BlackElo "1116"]

1. e4 c5 2. Nc3 e6 3. f4 d5 4. exd5 exd5 5. Bb5+ Bd7 6. Bxd7+ Qxd7 7. Nf3 Nc6 8.
O-O Nf6 9. Ne5 Qc7 10. Re1 O-O-O 11. a4 a6 12. d3 Bd6 13. Nxc6 Qxc6 14. Ne2 Qb6
15. a5 Qa7 16. Nc3 h5 17. Na4 Ng4 18. Nb6+ Kb8 19. Nxd5 c4+ 20. d4 Bb4 21. Nb6
Bxe1 22. Qxe1 Rxd4 23. h3 Rhd8 24. Be3 Nxe3 25. Qxe3 f6 26. Kf1 Rd2 27. Qe7 R2d6
28. Re1 Rd4 29. g3 h4 30. Kg2 hxg3 31. Kxg3 Rd2 32. Re2 R2d6 33. Kg4 g5 34. Re6
Rd4 35. Rxf6 gxf4 36. Rxf4 Rd1 37. Rf8 Rg1+ 38. Kh4 Rxf8 39. Qd6# 1-0

[Event "POLFINAL MISTRZOSTW POLSKI JUNIOROW 2018 - C11"]
[Site "Szczyrk"]
[Date "1899-12-30"]
[Round "4.16"]
[White "Guzik, Michal"]
[Black "Duda, Leon"]
[Result "0-1"]
[WhiteTitle "II"]
[BlackTitle "II"]
[WhiteElo "1117"]
[BlackElo "1268"]

1. e4 c5 2. Nf3 d6 3. d4 cxd4 4. Nxd4 Nf6 5. Nc3 g6 6. Be2 Bg7 7. h4 h5 8. Be3
O-O 9. Qd2 Nc6 10. O-O-O d5 11. exd5 Nxd5 12. Nxc6 bxc6 13. Nxd5 cxd5 14. Qxd5
Qc7 15. Qxa8 Bf5 16. Qxf8+ Kxf8 17. Bd3 Bxd3 18. Rxd3 Kg8 19. Rhd1 Qb7 20. Rb3
Qxg2 21. Bxa7 Qg4 22. Rh1 Qe4 23. Rbh3 Qb7 24. Bc5 Bxb2+ 25. Kb1 Ba3+ 0-1

[Event "POLFINAL MISTRZOSTW POLSKI JUNIOROW 2018 - C11"]
[Site "Szczyrk"]
[Date "1899-12-30"]
[Round "4.17"]
[White "Oklinski, Franciszek"]
[Black "Kubik, Rafal"]
[Result "0-1"]
[WhiteTitle "III"]
[BlackTitle "III"]
[WhiteElo "1073"]
[BlackElo "1264"]

1. e4 e5 2. Nf3 Nc6 3. Bc4 Bc5 4. O-O Nf6 5. d4 exd4 6. e5 d5 7. exf6 dxc4 8. fxg7
Rg8 9. Bg5 Qd6 10. Nbd2 Rxg7 11. Ne4 Qg6 12. Nxc5 h6 13. Qd2 b6 14. Ne4 hxg5 15.
Ng3 Be6 16. Nxd4 O-O-O 17. c3 Nxd4 18. cxd4 Qd3 19. Rfd1 Rxd4 20. Qxd3 Rxd3 21.
Rxd3 cxd3 22. b3 Rg8 23. Rd1 Rd8 24. Rd2 c5 25. Ne4 c4 26. bxc4 Bxc4 27. f3 Rd5
28. Kf2 Kb8 29. Ke3 Ra5 30. Nc3 Re5+ 31. Ne4 f5 32. Kd4 fxe4 33. Kxe5 e3 0-1

[Event "POLFINAL MISTRZOSTW POLSKI JUNIOROW 2018 - C11"]
[Site "Szczyrk"]
[Date "1899-12-30"]
[Round "4.18"]
[White "Wydmanski, Szymon"]
[Black "Jakubiec, Maurycy"]
[Result "1-0"]
[WhiteTitle "II"]
[BlackTitle "IV"]
[WhiteElo "1225"]
[BlackElo "1016"]

1. e4 c5 2. Nf3 d6 3. d4 cxd4 4. Nxd4 Nf6 5. Nc3 a6 6. Bg5 e6 7. f4 Be7 8. Qf3
Qc7 9. O-O-O Nbd7 10. Bd3 h6 11. Bh4 Nxe4 12. Nxe4 Bxh4 13. Qg4 g5 14. g3 Bxg3
15. Qxg3 gxf4 16. Qxf4 e5 17. Qe3 exd4 18. Nxd6+ Kf8 19. Qe8+ Kg7 20. Qxf7# 1-0

[Event "POLFINAL MISTRZOSTW POLSKI JUNIOROW 2018 - C11"]
[Site "Szczyrk"]
[Date "1899-12-30"]
[Round "4.19"]
[White "Borowik, Karol"]
[Black "Goral, Antoni"]
[Result "0-1"]
[WhiteTitle "II"]
[BlackTitle "II"]
[WhiteElo "1177"]
[BlackElo "1011"]

1. d4 Nf6 2. c4 e6 3. Nf3 b6 4. Bg5 Bb4+ 5. Bd2 Qe7 6. a3 Bxd2+ 7. Nbxd2 O-O 8.
e3 Bb7 9. Bd3 d5 10. cxd5 exd5 11. Qc2 Ne4 12. Rc1 c5 13. dxc5 bxc5 14. O-O c4
15. Bxe4 dxe4 16. Nd4 Ba6 17. Rfe1 Rc8 18. Qxe4 Qxe4 19. Nxe4 Nc6 20. Nxc6 Rxc6
21. b4 Bb5 22. Red1 g6 23. Rd6 Rac8 24. Rxc6 Rxc6 25. Nc5 Rd6 26. a4 Bc6 27. b5
Bd7 28. Nxd7 Rxd7 29. Kf1 Rc7 30. Ke2 f5 31. Kd2 Kf7 32. Kc3 Ke6 33. Kb4 Kd5 34.
f3 g5 35. Rd1+ Ke5 36. g3 h6 37. Rd8 c3 38. Rd1 g4 39. f4+ Ke4 40. Rc1 Kd3 41.
Kb3 Kd2 42. Rc2+ Kd3 43. a5 Ke4 44. Rxc3 Rb7 45. Ka4 h5 46. Rc6 Rb8 47. Ra6 Kxe3
48. b6 axb6 49. Rxb6 Ra8 50. a6 Ra7 51. Ka5 Kf2 52. Rb7 Ra8 53. a7 Kg2 54. Ka6
Kxh2 55. Rb8 Rxa7+ 56. Kxa7 Kxg3 57. Rh8 h4 58. Kb6 h3 59. Kc5 Kxf4 60. Kd4 Kf3
61. Rf8 h2 62. Rxf5+ Kg2 63. Rf4 g3 64. Re4 h1=Q 65. Re2+ Kh3 66. Kd3 Qd1+ 67.
Ke3 Qxe2+ 68. Kxe2 Kh2 0-1

[Event "POLFINAL MISTRZOSTW POLSKI JUNIOROW 2018 - C11"]
[Site "Szczyrk"]
[Date "1899-12-30"]
[Round "4.20"]
[White "Pawlowski, Kamil"]
[Black "Zmuda, Tomasz"]
[Result "1-0"]
[WhiteTitle "II"]
[BlackTitle "II"]
[WhiteElo "1013"]
[BlackElo "1174"]

1. e4 c5 2. Nf3 Nc6 3. c3 e6 4. d4 cxd4 5. cxd4 g6 6. e5 Bg7 7. Nc3 a6 8. g3 Nge7
9. Bg2 O-O 10. O-O d6 11. Bf4 dxe5 12. dxe5 Nd5 13. Nxd5 exd5 14. Qb3 Be6 15.
Qxb7 Na5 16. Qb4 Rb8 17. Qc3 Nc4 18. b3 Na3 19. Qd3 Nb5 20. Nd4 Nxd4 21. Qxd4
Ra8 22. Rac1 Qa5 23. Qb2 Rac8 24. Bd2 Qb5 25. f4 f5 26. Qa3 Rfd8 27. Qe7 Bf7 28.
Kh1 Re8 29. Rxc8 Rxc8 30. e6 1-0

[Event "POLFINAL MISTRZOSTW POLSKI JUNIOROW 2018 - C11"]
[Site "Szczyrk"]
[Date "1899-12-30"]
[Round "5.1"]
[White "Bochenek, Ryszard"]
[Black "Rylski, Tadeusz"]
[Result "0-1"]
[WhiteTitle "II"]
[BlackTitle "II"]
[WhiteElo "1391"]
[BlackElo "1407"]

1. d4 Nf6 2. g3 e6 3. c4 d5 4. Bg2 Be7 5. Nf3 dxc4 6. Nc3 c5 7. Qa4+ Nbd7 8. Qxc4
Nb6 9. Qd3 O-O 10. O-O Nfd5 11. a3 Nxc3 12. bxc3 cxd4 13. Qxd4 Bf6 14. Qxd8 Rxd8
15. Bg5 Bxg5 16. Nxg5 Rb8 17. Ne4 Na4 18. Rfd1 Bd7 19. c4 Bc6 20. Nd6 Bxg2 21.
Kxg2 Rd7 22. Nb5 Rxd1 23. Rxd1 a6 24. Nd6 Rd8 25. Rd2 Nc5 26. Ne4 Rxd2 27. Nxd2
Kf8 28. f4 Ke7 29. Kf3 Kd6 30. e4 f6 31. Ke3 Nd7 32. Kd3 e5 33. Kc3 b6 34. Kb4
Nc5 35. a4 exf4 36. gxf4 Nd3+ 37. Kc3 Nxf4 38. Nb3 Ne6 39. a5 bxa5 40. Nxa5 Nc5
41. Kd4 g5 42. Ke3 h5 43. h3 Kc7 44. Kd4 0-1

[Event "POLFINAL MISTRZOSTW POLSKI JUNIOROW 2018 - C11"]
[Site "Szczyrk"]
[Date "1899-12-30"]
[Round "5.2"]
[White "Cieply, Krzysztof"]
[Black "Demski, Michal"]
[Result "1-0"]
[WhiteTitle "II"]
[BlackTitle "I"]
[WhiteElo "1362"]
[BlackElo "1597"]

1. e4 e5 2. Nf3 Nc6 3. d4 exd4 4. Bc4 Nf6 5. e5 d5 6. Bb5 Ne4 7. Nxd4 Bd7 8. Bxc6
bxc6 9. O-O Bc5 10. f3 Ng5 11. f4 Ne4 12. Be3 Bb6 13. Qe2 O-O 14. Nb3 Bg4 15.
Qe1 d4 16. Bc1 f5 17. Kh1 d3 18. Be3 dxc2 19. N1d2 Nxd2 20. Bxd2 Qd5 21. Rc1 Bd1
22. Bc3 Rae8 23. Na1 Qd3 24. Nb3 Re6 25. Nd2 Be3 26. Rxd1 cxd1=Q 27. Qxd1 Rd8
28. Rf3 Kh8 29. h3 h6 30. Qe1 Qd5 31. Qxe3 Qxa2 32. Qc5 Qa4 33. Kh2 Rg6 34. Qe7
Rg8 35. Qf7 c5 36. Qxg6 1-0

[Event "POLFINAL MISTRZOSTW POLSKI JUNIOROW 2018 - C11"]
[Site "Szczyrk"]
[Date "1899-12-30"]
[Round "5.3"]
[White "Grzadka, Artur"]
[Black "Jaworski, Tymon"]
[Result "0-1"]
[WhiteTitle "II"]
[BlackTitle "II"]
[WhiteElo "1333"]
[BlackElo "1459"]

1. d4 Nf6 2. c4 g6 3. Nc3 Bg7 4. e4 d6 5. f3 O-O 6. Be3 Nbd7 7. Nge2 e5 8. d5 Nb6
9. Bxb6 axb6 10. Qd2 Nd7 11. O-O-O f5 12. Kb1 Nc5 13. Nc1 fxe4 14. fxe4 Rf4 15.
Bd3 Bg4 16. Rdf1 Bh6 17. Qc2 Qe7 18. h3 Bd7 19. N1e2 Rxf1+ 20. Rxf1 Rf8 21. Rxf8+
Qxf8 22. Nc1 Qf4 23. Be2 Qe3 24. Bf3 Bxh3 25. Nb5 Na6 26. gxh3 Qxf3 27. Qe2 Qh1
28. Qc2 Nb4 29. Qc3 Nd3 30. Nxc7 Nxc1 31. Nb5 Ne2+ 32. Kc2 Nxc3 33. Kxc3 Qxh3+
34. Kb4 Bd2+ 35. Ka4 Qd7 36. b4 h5 37. a3 h4 38. Kb3 h3 39. Ka4 h2 40. Kb3 h1=Q
41. Ka4 Qd1# 0-1